<?xml version="1.0" encoding="UTF-8"?>
<record
    xmlns:xsi="http://www.w3.org/2001/XMLSchema-instance"
    xsi:schemaLocation="http://www.loc.gov/MARC21/slim http://www.loc.gov/standards/marcxml/schema/MARC21slim.xsd"
    xmlns="http://www.loc.gov/MARC21/slim">

  <leader>00607nam a2200193 a 4500</leader>
  <controlfield tag="003">BD-RjUL</controlfield>
  <controlfield tag="005">20240229115104.0</controlfield>
  <controlfield tag="008">240229s1923    ir            000 0 ara d</controlfield>
  <datafield tag="035" ind1=" " ind2=" ">
    <subfield code="a">(BD-RjUL)</subfield>
  </datafield>
  <datafield tag="040" ind1=" " ind2=" ">
    <subfield code="a">NNL</subfield>
    <subfield code="b">ara</subfield>
    <subfield code="c">BD-RjUL</subfield>
  </datafield>
  <datafield tag="041" ind1="0" ind2=" ">
    <subfield code="a">ara</subfield>
  </datafield>
  <datafield tag="082" ind1=" " ind2=" ">
    <subfield code="2">23</subfield>
    <subfield code="a">891.55</subfield>
    <subfield code="b">NAH 1923</subfield>
  </datafield>
  <datafield tag="100" ind1=" " ind2=" ">
    <subfield code="a">Nasir al-Din &#x646;&#x635;&#x64A;&#x631; &#x627;&#x644;&#x62F;&#x64A;&#x646; </subfield>
    <subfield code="9">11978</subfield>
  </datafield>
  <datafield tag="245" ind1="1" ind2="0">
    <subfield code="a">&#x62D;&#x62F;&#x627;&#x64A;&#x642; &#x627;&#x644;&#x628;&#x644;&#x627;&#x63A;&#x629; / &#x1E24;ad&#x101;&#x2BC;iq al-bal&#x101;ghah /</subfield>
    <subfield code="c">&#x646;&#x635;&#x64A;&#x631; &#x627;&#x644;&#x62F;&#x64A;&#x646; ;; Nasir al-Din</subfield>
  </datafield>
  <datafield tag="260" ind1=" " ind2=" ">
    <subfield code="a">Lahore ::</subfield>
    <subfield code="b">&#x62F;&#x631;&#x645;&#x637;&#x628;&#x639; &#x643;&#x631;&#x64A;&#x645;&#x64A; &#x60C;</subfield>
    <subfield code="c">1923</subfield>
  </datafield>
  <datafield tag="300" ind1=" " ind2=" ">
    <subfield code="a">171 p. ;</subfield>
    <subfield code="c">23 cm</subfield>
  </datafield>
  <datafield tag="650" ind1=" " ind2="4">
    <subfield code="a">Persian literature</subfield>
    <subfield code="y">750-1258</subfield>
    <subfield code="9">11979</subfield>
  </datafield>
  <datafield tag="942" ind1=" " ind2=" ">
    <subfield code="2">ddc</subfield>
    <subfield code="c">BK</subfield>
  </datafield>
  <datafield tag="999" ind1=" " ind2=" ">
    <subfield code="c">83187</subfield>
    <subfield code="d">83187</subfield>
  </datafield>
  <datafield tag="952" ind1=" " ind2=" ">
    <subfield code="0">0</subfield>
    <subfield code="1">0</subfield>
    <subfield code="2">ddc</subfield>
    <subfield code="4">0</subfield>
    <subfield code="7">1</subfield>
    <subfield code="8">NFIC</subfield>
    <subfield code="a">RUCL</subfield>
    <subfield code="b">RUCL</subfield>
    <subfield code="c">Reading</subfield>
    <subfield code="d">1964-11-13</subfield>
    <subfield code="e">G.M.Helali prof. Rajshahi College</subfield>
    <subfield code="l">0</subfield>
    <subfield code="o">F 891.55 NAH 1923</subfield>
    <subfield code="r">2024-02-29 00:00:00</subfield>
    <subfield code="t">C-1</subfield>
    <subfield code="w">2024-02-29</subfield>
    <subfield code="y">BK</subfield>
  </datafield>
</record>
